000 00563nam a22001937a 4500
999 _c6046
_d6046
003 AR-CdUCM
008 190313b ||||| |||| 00| 0 spa d
040 _aMUNICIPALIDAD PROVINCIAL DEL CUSCO
_cBIBLIOTECA MUNICIPAL DEL CUSCO
082 _a869.62 /
_bA65
100 _aAraujo Sanchez, Francisco
_917636
245 _aNotas para Elías /
260 _aQuito :
_bAteneo Ecuatoriano,
_c1962.
300 _a84 páginas ;
_c19 cm.
500 _adonación de la familia Nieto.
505 _aPoemas.
650 _aPoemas.
_9929
942 _2ddc
_cLIBROS
945 _awfj